| 000 | 00447nam a22001577a 4500 | ||
|---|---|---|---|
| 999 |
_c160018 _d160018 |
||
| 005 | 20190112171007.0 | ||
| 010 | _aB-262189 | ||
| 020 | _a9781842398777 | ||
| 035 | _aB-262189 | ||
| 082 | _a591 | ||
| 100 | _aCooper, John | ||
| 245 |
_aKnowledge Masters Animals: _cby John Cooper |
||
| 260 |
_aNew Delhi _bAlligator Books Limited Gadd House, Arcadia Avenue _c2007 |
||
| 300 |
_a96p. _c24cm. (pbk) |
||
| 942 |
_2ddc _cEN _h591 _mBIG |
||